Ρατσισμός, φυλετικές διακρίσεις, ξενοφοβία και συναφείς μισαλλοδοξίες : θέσεις ΟΗΕ και μη κυβερνητικών οργανώσεων
Saved in:
| Corporate Authors: | , |
|---|---|
| Format: | Book |
| Language: | Greek |
| Published: |
Αθήνα :
Υπουργείο Εξωτερικών,
[χ.χ.]
|
| Series: | Επιτροπή για τις μη Κυβερνητικές Οργανώσεις
|
| Subjects: | |
| Tags: |
Add Tag
No Tags, Be the first to tag this record!
|
MARC
| LEADER | 00000cam a2200000 i 4500 | ||
|---|---|---|---|
| 001 | 1/85638 | ||
| 008 | 050919s gre d | ||
| 035 | |l 10080326 | ||
| 040 | |a GR-MY-UA |b gre |e aacr | ||
| 041 | 0 | |a gre | |
| 082 | 0 | |a 305.8 |2 (22) | |
| 110 | 2 | |a Οργανισμός Ηνωμένων Εθνών. | |
| 245 | 1 | 0 | |a Ρατσισμός, φυλετικές διακρίσεις, ξενοφοβία και συναφείς μισαλλοδοξίες : |b θέσεις ΟΗΕ και μη κυβερνητικών οργανώσεων |
| 260 | |a Αθήνα : |b Υπουργείο Εξωτερικών, |c [χ.χ.] | ||
| 300 | |a 80 σ.; |c 26 εκ. | ||
| 490 | 1 | |a Επιτροπή για τις μη Κυβερνητικές Οργανώσεις | |
| 650 | 0 | 0 | |a Racism. |
| 650 | 0 | 0 | |a Minorities. |
| 650 | 0 | 0 | |a Refugees. |
| 650 | 0 | 0 | |a Xenophobia. |
| 710 | 2 | |a Υπουργείο Εξωτερικών. | |
| 830 | 0 | |a Επιτροπή για τις μη Κυβερνητικές Οργανώσεις | |
| 852 | |a INST |b CHIOS |e 20050919 |h 305.8 ΟΡΓ |p 005200023079 |q 005200023079 |t BK |y 0 | ||
| 852 | |a INST |b LESVOS |e 20060714 |h 305.8 ΟΡΓ |p 005100036314 |q 005100036314 |t BK |y 0 | ||
| 901 | |a BIBL2-2005-3 | ||
| 901 | |a BIBL1-2006-2 | ||
| 909 | |a Χ |b 109018 | ||
| 909 | |a Λ |b 128960 | ||
| 970 | |a ΧΑΖΙΡΗ |b ΑΝΝΑ |z 2005/09/10 | ||